000 00754nam a2200265Ia 4500
005 20260302115315.0
008 008 260114s9999 xx 000 0 eng d
020 _a9798216005124
037 _aTextbook
040 _aCRL
040 _beng
040 _cCRL
041 _2eng
041 _aeng
084 _qCRL
100 _aErin Fallon, Rick Feddersen, James Kurtzleben, Maurice A. Lee, Susan Rochette-Crawley
_91121275
245 2 _aA Reader's Companion to the Short Story in English
260 _bBloomsbury
260 _bGreenwood
260 _c2000
650 _aLiterary Studies
856 _uhttps://doi.org/10.5040/9798216005124?locatt=label:secondary_bloomsburyCollections
942 _cEBOOK
999 _c1685725
_d1685725